000 00880cam a22002292 4500
001 0000002591
005 20151217161131.0
008 070416s xx 000 0 eng d
020 _a1565632095 :
_cKES 2,900
040 _aKABU
_cKABU
050 0 _aPA881
_b.T43
100 1 _aThayer, Joseph H.
_@0000152003
245 1 0 _aThayer's Greek-English lexicon of the New Testament :
_bcoded with the numbering system from strong's exhaustive concordance of the Bible /
_cJoseph H. Thayer.
260 _aPeabody, Massachusetts :
_bHendrickson,
_c2000 [printing]
300 _axxi, 726 p.
630 0 0 _aBible.
_p N.T.
_vDictionaries.
_lEnglish.
_@0000152004
650 0 _aGreek language, Biblical
_vDictionaries
_xEnglish.
_@0000152005
908 _a070416
950 _@1
999 _c14905
_d14905